00530nam a2200169Ia 4500003000900000008004100009020001800050040001600068080001400084110003700098245010000135260003900235300001000274650004100284650001400325650002100339IN-BaIIA211028s9999 xx 000 0 eng d a0-7923-5589-X cIIA Library a58.7bIAU aInternational Astronomical Union 0aAlphabetical list of IAU memberscInternational Astronomical Union  aNetherlandsbKluwer Academicc1999 a267p. aastronomy and astrophysics thesaurus adirectory aIAU address book